| 000 | 00538nam a22002057a 4500 | ||
|---|---|---|---|
| 003 | LK-CoMWRAF | ||
| 005 | 20240106095233.0 | ||
| 008 | 231224b2001 |||||||| |||| 00| 0 eng d | ||
| 020 | _a996071831X | ||
| 040 |
_aLK-CoMWRAF _dLK-CoMWRAF _eLK-CoMWRAF |
||
| 041 | _aeng | ||
| 082 |
_a152.4 _bROA |
||
| 245 | _aThe Road to Happiness | ||
| 260 |
_bAl-Muntada Al-Islami, _c2001 |
||
| 300 | _a43 p. | ||
| 650 | _aHAPPINESS | ||
| 700 |
_aHamerman, F. William _ecomp. _eed. |
||
| 710 | _aAl-Muntada Al-Islami translation center | ||
| 942 | _cBK | ||
| 999 |
_c4548 _d4548 |
||